| 000 -LEADER |
| fixed length control field |
00414cam a22001217a 4500 |
| 008 - FIXED-LENGTH DATA ELEMENTS--GENERAL INFORMATION |
| fixed length control field |
180718b1958 xxu||||| |||| 00| 0 eng d |
| 082 ## - DEWEY DECIMAL CLASSIFICATION NUMBER |
| Classification number |
Dx492 C152 |
| 100 ## - MAIN ENTRY--PERSONAL NAME |
| Personal name |
Campen, S. I. P. Van |
| 245 ## - TITLE STATEMENT |
| Title |
Quest for security: some aspects of Netherlands foreign policy, 1945-1950 |
| Statement of responsibility, etc. |
by S. I. P. Van Campen |
| 260 ## - PUBLICATION, DISTRIBUTION, ETC. |
| Place of publication, distribution, etc. |
Hague |
| Name of publisher, distributor, etc. |
Martinus Nijhoff |
| Date of publication, distribution, etc. |
1958 |
| 300 ## - PHYSICAL DESCRIPTION |
| Extent |
xv, 308p |
| 650 ## - SUBJECT ADDED ENTRY--TOPICAL TERM |
| Topical term or geographic name entry element |
Netherlands --Foreign relations --1830- |